Herecká ohlédnutí / Petr Hořec
Autor přibližuje počátky divadelní dráhy více než dvou desítek známých umělců, kteří působili na scéně plzeňského divadla. M. Glázrová, J. Hlaváčová, J. Hlinomaz, M. Horníček, D. Medřická, J. Petrovická a další vzpomínají na léta prožitá v plzeňském divadle, na humorné i vážné příhody, na spoluherce, režiséry i plzeňské obecenstvo.
Record details
- Physical Description: 205 s., [64] s. obr. příl. : il., portréty ; 21 cm
- Edition: 1. vyd.
- Publisher: Plzeň : Západočeské nakladatelství, 1977
Content descriptions
| General Note: | 35000 výt. |
Available copies
- 1 of 1 copy available at Common Catalog SPOK.
Holds
- 0 current holds with 1 total copy.
Show Only Available Copies
| Location | Call Number / Copy Notes | Barcode | Shelving Location | Status | Due Date |
|---|---|---|---|---|---|
| KDS Library | 929 HoP | 204576803225 | Library | Available | - |
| LDR | 01214nam a22002651 4500 | ||
|---|---|---|---|
| 001 | 22620 | ||
| 003 | CZ-PrJAB | ||
| 005 | 20150723124124.0 | ||
| 007 | ta | ||
| 008 | 970216s1977 xr acf 000 | cze | ||
| 015 | . | ‡acnb000140158 | |
| 020 | . | ‡q(Váz.) : ‡cKčs 20,00 | |
| 035 | . | ‡a(CZ PrNK)bk197801054 | |
| 035 | . | ‡a(OCoLC)4462835 | |
| 040 | . | ‡aABA001 ‡bcze ‡cCBA001 ‡dABA001 | |
| 080 | . | ‡a885-94:[929(437):792(437.171-21) ‡2undef | |
| 100 | 1 | . | ‡aHořec, Petr, ‡d1926-2002 ‡7jk01042316 ‡4aut |
| 245 | 1 | 0. | ‡aHerecká ohlédnutí / ‡cPetr Hořec |
| 250 | . | ‡a1. vyd. | |
| 260 | . | ‡aPlzeň : ‡bZápadočeské nakladatelství, ‡c1977 | |
| 300 | . | ‡a205 s., [64] s. obr. příl. : ‡bil., portréty ; ‡c21 cm | |
| 500 | . | ‡a35000 výt. | |
| 520 | . | ‡aAutor přibližuje počátky divadelní dráhy více než dvou desítek známých umělců, kteří působili na scéně plzeňského divadla. M. Glázrová, J. Hlaváčová, J. Hlinomaz, M. Horníček, D. Medřická, J. Petrovická a další vzpomínají na léta prožitá v plzeňském divadle, na humorné i vážné příhody, na spoluherce, režiséry i plzeňské obecenstvo. | |
| 910 | . | ‡aABE463 | |
| 964 | . | ‡aDivadlo Josefa Kajetána Tyla, Plzeň - herci čeští - herečky české - vzpomínky | |
| 998 | . | ‡a000140158 | |
| 901 | . | ‡a22620 ‡b ‡c22620 ‡tbiblio | |